[Event "NAYCC U12"]
[Site "Toronto CAN"]
[Date "2013.08.15"]
[Round "2"]
[White "Shen, Christopher"]
[Black "Wang, Dinny"]
[Result "1-0"]
[WhiteElo "2018"]
[BlackElo "1670"]
[PlyCount "61"]
[GameId "2160767909267280"]
[EventDate "2013.08.14"]
[EventType "swiss"]
[EventRounds "9"]
[EventCountry "CAN"]
[SourceTitle "EXT 2022"]
[Source "ChessBase"]
[SourceDate "2021.10.06"]
[SourceVersion "1"]
[SourceVersionDate "2021.10.06"]
[SourceQuality "1"]

1. e4 e5 2. Nf3 f5 3. Nxe5 Nf6 4. Bc4 d5 5. exd5 Bd6 6. d4 Qe7 7. O-O O-O 8. Re1 Re8 9. Nc3 a6 10. a4 Nbd7 11. Bd2 Qd8 12. f4 Nb6 13. Bb3 Bxe5 14. fxe5 Ne4 15. Nxe4 fxe4 16. c4 Bf5 17. a5 Nd7 18. c5 Kh8 19. Qh5 Bg6 20. Qg4 Rf8 21. Bg5 Qe8 22. Rf1 h6 23. Bh4 e3 24. Ba4 Rxf1+ 25. Rxf1 Bd3 26. Bxd7 Qg8 27. Be6 Qe8 28. Rf7 Qg8 29. Rxg7 Qf8 30. Bf6 e2 31. Rf7+ 1-0

[Event "NAYCC U12"]
[Site "Toronto CAN"]
[Date "2013.08.15"]
[Round "2"]
[White "Xiao, Kevin"]
[Black "Valkov, Andrey"]
[Result "1-0"]
[WhiteElo "1247"]
[BlackElo "511"]
[PlyCount "83"]
[GameId "2160767909267281"]
[EventDate "2013.08.14"]
[EventType "swiss"]
[EventRounds "9"]
[EventCountry "CAN"]
[SourceTitle "EXT 2022"]
[Source "ChessBase"]
[SourceDate "2021.10.06"]
[SourceVersion "1"]
[SourceVersionDate "2021.10.06"]
[SourceQuality "1"]

1. e4 e5 2. Nf3 Nc6 3. d4 d6 4. dxe5 dxe5 5. Qxd8+ Nxd8 6. Nxe5 Bb4+ 7. Nc3 Bd6 8. Nf3 Nc6 9. Be3 Ne5 10. Nxe5 Bxe5 11. O-O-O Bd7 12. Nd5 O-O-O 13. f4 Bd6 14. e5 Bb4 15. Nxb4 Bg4 16. Rxd8+ Kxd8 17. h3 Bd7 18. Bc4 Ne7 19. Rd1 c6 20. e6 b5 21. Rxd7+ Ke8 22. Bb3 fxe6 23. Bxe6 Rg8 24. Bc5 Ng6 25. Bxg8 Kxd7 26. Bxh7 Nxf4 27. g3 Ne6 28. Bf5 g6 29. Bxe6+ Kxe6 30. Bxa7 Kd7 31. Nd3 Kc7 32. Ne5 Kb7 33. Nxg6 Kxa7 34. h4 c5 35. h5 b4 36. h6 c4 37. h7 Kb6 38. h8=Q Kb5 39. Qe5+ Ka4 40. b3+ cxb3 41. cxb3+ Ka3 42. Qa5# 1-0

[Event "NAYCC U12"]
[Site "Toronto CAN"]
[Date "2013.08.15"]
[Round "2"]
[White "Xu, Jeffrey"]
[Black "Yie, Kevin Yi Xiao"]
[Result "1-0"]
[WhiteElo "1976"]
[BlackElo "1578"]
[PlyCount "105"]
[GameId "2160767909267282"]
[EventDate "2013.08.14"]
[EventType "swiss"]
[EventRounds "9"]
[EventCountry "CAN"]
[SourceTitle "EXT 2022"]
[Source "ChessBase"]
[SourceDate "2021.10.06"]
[SourceVersion "1"]
[SourceVersionDate "2021.10.06"]
[SourceQuality "1"]

1. e4 e6 2. d4 d5 3. e5 c5 4. c3 Nc6 5. Nf3 Qb6 6. a3 Nge7 7. b4 cxd4 8. cxd4 Nf5 9. Be3 Nxe3 10. fxe3 Bd7 11. Bd3 Be7 12. O-O g5 13. Kh1 h5 14. Nc3 a6 15. Na4 Qc7 16. Nc5 O-O-O 17. Rc1 Rdg8 18. a4 Kb8 19. b5 axb5 20. axb5 Nb4 21. Na6+ Nxa6 22. Rxc7 Nxc7 23. Qb3 b6 24. Nd2 Rg7 25. Ra1 Kb7 26. Nb1 Rgg8 27. Nc3 Ra8 28. Rxa8 Rxa8 29. g3 Ra3 30. Qb2 Ra5 31. Kg2 Ba3 32. Qb3 Be7 33. Be2 g4 34. h3 Ra3 35. Qb2 Ra5 36. hxg4 hxg4 37. Bxg4 Nxb5 38. Nxb5 Rxb5 39. Qc3 Ra5 40. Bh5 f6 41. exf6 Bxf6 42. Qc2 Ra8 43. Qh7 Kc7 44. Qf7 Bd8 45. Bg4 Kd6 46. Qf4+ Ke7 47. Qg5+ Kd6 48. Qe5+ Ke7 49. Bf3 Ra2+ 50. Kh3 Ra5 51. Qg5+ Kd6 52. Qxd8 e5+ 53. Bg4 1-0

[Event "NAYCC U12"]
[Site "Toronto CAN"]
[Date "2013.08.15"]
[Round "2"]
[White "Xue, Andrew"]
[Black "Huang, Immanuel"]
[Result "1/2-1/2"]
[WhiteElo "1114"]
[BlackElo "1517"]
[PlyCount "100"]
[GameId "2160767909267283"]
[EventDate "2013.08.14"]
[EventType "swiss"]
[EventRounds "9"]
[EventCountry "CAN"]
[SourceTitle "EXT 2022"]
[Source "ChessBase"]
[SourceDate "2021.10.06"]
[SourceVersion "1"]
[SourceVersionDate "2021.10.06"]
[SourceQuality "1"]

1. e4 e5 2. Nf3 Nc6 3. Bc4 Bc5 4. d3 Nf6 5. Bg5 h6 6. Bh4 g5 7. Bg3 d6 8. h3 Bd7 9. Nc3 a6 10. Nd5 Nxd5 11. Bxd5 Qf6 12. Qd2 O-O-O 13. O-O-O Ne7 14. Bb3 Be6 15. Rhe1 Nc6 16. Bxe6+ Qxe6 17. a3 Nd4 18. Nxd4 Bxd4 19. c3 Ba7 20. d4 Qc4 21. Qd3 Qc6 22. d5 Qa4 23. Qc2 Qa5 24. h4 f6 25. h5 Kb8 26. Qb3 Rc8 27. Qb4 Qxb4 28. axb4 c6 29. f3 cxd5 30. Rxd5 Rhd8 31. Re2 Rc4 32. Bf2 Bxf2 33. Rxf2 f5 34. Re2 Kc7 35. Kc2 fxe4 36. fxe4 Rf8 37. Kd3 Rc6 38. b3 b6 39. c4 Rf6 40. Kc3 b5 41. Rdd2 Rf4 42. g3 Rf3+ 43. Rd3 Rf1 44. Rdd2 bxc4 45. bxc4 Rh1 46. Rh2 Ra1 47. Ra2 Rxa2 48. Rxa2 Kd7 49. Rf2 Ke6 50. g4 Rc7 1/2-1/2

[Event "NAYCC U12"]
[Site "Toronto CAN"]
[Date "2013.08.15"]
[Round "2"]
[White "Yong, Hoyin"]
[Black "Zhang, Zhehai"]
[Result "0-1"]
[WhiteElo "1123"]
[BlackElo "1526"]
[PlyCount "126"]
[GameId "2160767909267284"]
[EventDate "2013.08.14"]
[EventType "swiss"]
[EventRounds "9"]
[EventCountry "CAN"]
[SourceTitle "EXT 2022"]
[Source "ChessBase"]
[SourceDate "2021.10.06"]
[SourceVersion "1"]
[SourceVersionDate "2021.10.06"]
[SourceQuality "1"]

1. e4 c5 2. Nc3 e6 3. f4 d5 4. Nf3 Nc6 5. Bb5 a6 6. Bxc6+ bxc6 7. O-O d4 8. Na4 Nf6 9. d3 Be7 10. c3 O-O 11. b3 dxc3 12. Nxc3 a5 13. Qe1 Qxd3 14. Qd2 Qa6 15. Rd1 Bb7 16. Ba3 Rfd8 17. Qe2 Qxe2 18. Nxe2 Nxe4 19. Rac1 Rxd1+ 20. Rxd1 Ba6 21. Nc1 Nc3 22. Rd7 Nd5 23. Ne5 Bc8 24. Nxc6 Bxd7 25. Nxe7+ Nxe7 26. Bxc5 Nd5 27. Nd3 Bb5 28. Ne5 Rc8 29. Ba3 Nxf4 30. Kf2 Nd3+ 31. Nxd3 Bxd3 32. Ke3 Ba6 33. Kd2 Bb7 34. g3 Be4 35. Be7 Rc2+ 36. Ke3 Bc6 37. a3 Rc3+ 38. Kd4 Rxb3 39. Kc5 Be8 40. Kc4 Rb2 41. h4 Rg2 42. Bd6 f6 43. Bc7 a4 44. Bd6 e5 45. Kd5 Rxg3 46. Ke4 Rg4+ 47. Kf3 Rxh4 48. Kg3 g5 49. Bb4 e4 50. Bc5 f5 51. Be7 f4+ 52. Kf2 e3+ 53. Kf3 Bh5+ 54. Ke4 e2 55. Bxg5 e1=Q+ 56. Kd4 Qe3+ 57. Kd5 Bf3+ 58. Kd6 Rh5 59. Bxf4 Qxf4+ 60. Ke6 Qe5+ 61. Kd7 Rf5 62. Kd8 Qg7 63. Kc8 Rf8# 0-1

[Event "NAYCC U12"]
[Site "Toronto CAN"]
[Date "2013.08.15"]
[Round "2"]
[White "Zhao, Harry"]
[Black "Asaria, Danial"]
[Result "0-1"]
[WhiteElo "1767"]
[BlackElo "2022"]
[PlyCount "59"]
[GameId "2160767909267286"]
[EventDate "2013.08.14"]
[EventType "swiss"]
[EventRounds "9"]
[EventCountry "CAN"]
[SourceTitle "EXT 2022"]
[Source "ChessBase"]
[SourceDate "2021.10.06"]
[SourceVersion "1"]
[SourceVersionDate "2021.10.06"]
[SourceQuality "1"]

1. d4 d5 2. Nf3 Nf6 3. e3 Bf5 4. Bd3 Bxd3 5. Qxd3 e6 6. Qb5+ Nbd7 7. Qxb7 Bd6 8. O-O O-O 9. Nbd2 Qe7 10. Re1 Rfb8 11. Qa6 Rb6 12. Qd3 c5 13. c4 e5 14. e4 dxe4 15. Nxe4 cxd4 16. Nxf6+ Qxf6 17. Ng5 g6 18. Nxh7 Qh8 19. Ng5 e4 20. Qxe4 Qxh2+ 21. Kf1 Rf8 22. g3 Bb4 23. Rd1 f6 24. Qxg6+ Kh8 25. Nf7+ Rxf7 26. Qxf7 Qh1+ 27. Ke2 d3+ 28. Ke3 Qxd1 29. Qe8+ Nf8 30. Qh5+ 0-1

[Event "NAYCC U12"]
[Site "Toronto CAN"]
[Date "2013.08.15"]
[Round "2"]
[White "Zheng, Maven"]
[Black "Menon, Vishal"]
[Result "1-0"]
[WhiteElo "1060"]
[BlackElo "1674"]
[PlyCount "125"]
[GameId "2160767909267287"]
[EventDate "2013.08.14"]
[EventType "swiss"]
[EventRounds "9"]
[EventCountry "CAN"]
[SourceTitle "EXT 2022"]
[Source "ChessBase"]
[SourceDate "2021.10.06"]
[SourceVersion "1"]
[SourceVersionDate "2021.10.06"]
[SourceQuality "1"]

1. d4 Nf6 2. c4 g6 3. Nf3 d5 4. cxd5 Nxd5 5. e4 Nb6 6. Nc3 Bg7 7. Bf4 c6 8. Be2 O-O 9. O-O N8d7 10. Rc1 Nf6 11. h3 Re8 12. Qd2 a6 13. Bh6 Bd7 14. Rfd1 Rc8 15. h4 Bg4 16. Bxg7 Kxg7 17. Nh2 Bxe2 18. Qxe2 e6 19. e5 Nfd5 20. Qg4 Qe7 21. h5 Rf8 22. Rd3 Kh8 23. Rh3 Rg8 24. Nf3 gxh5 25. Qxh5 Rg7 26. Rh4 Rcg8 27. g3 f5 28. Kf1 Qf7 29. Qxf7 Rxf7 30. Rh6 f4 31. gxf4 Rxf4 32. Ke2 Rgf8 33. Rch1 R4f7 34. Ng5 Rxf2+ 35. Ke1 Nxc3 36. bxc3 R8f5 37. Rxh7+ Kg8 38. Rh8+ Kg7 39. Nxe6+ Kf7 40. Nd8+ Kg7 41. R1h7+ Kg6 42. Rxb7 Rf1+ 43. Ke2 R5f2+ 44. Kd3 Rf3+ 45. Kc2 R3f2+ 46. Kd3 Rf3+ 47. Kd2 R3f2+ 48. Ke3 Rf3+ 49. Kd2 R1f2+ 50. Kc1 Rf1+ 51. Kb2 R3f2+ 52. Ka3 Ra1 53. Rg8+ Kh6 54. Rxb6 Raxa2+ 55. Kb4 Rfb2+ 56. Kc5 Ra5+ 57. Kxc6 Rc2 58. Kd7+ Kh7 59. Rbg6 Rd5+ 60. Ke7 Rxe5+ 61. dxe5 Rxc3 62. R8g7+ Kh8 63. Nf7# 1-0

[Event "NAYCC U12"]
[Site "Toronto CAN"]
[Date "2013.08.15"]
[Round "3"]
[White "Asaria, Danial"]
[Black "Kelly, Joey M"]
[Result "1/2-1/2"]
[WhiteElo "2022"]
[BlackElo "1936"]
[PlyCount "144"]
[GameId "2160767909267288"]
[EventDate "2013.08.14"]
[EventType "swiss"]
[EventRounds "9"]
[EventCountry "CAN"]
[SourceTitle "EXT 2022"]
[Source "ChessBase"]
[SourceDate "2021.10.06"]
[SourceVersion "1"]
[SourceVersionDate "2021.10.06"]
[SourceQuality "1"]

1. e4 c5 2. Nf3 Nc6 3. Bb5 d6 4. d4 cxd4 5. Qxd4 Bd7 6. Bxc6 Bxc6 7. Nc3 Nf6 8. Bg5 e6 9. O-O Be7 10. Rfe1 O-O 11. Rad1 Qc7 12. Qd3 Rfd8 13. Nd4 a6 14. a4 Rac8 15. Kh1 Nxe4 16. Nxe4 Bxe4 17. Qxe4 Bxg5 18. Rd3 Bf6 19. Rg3 Qc4 20. c3 Qxa4 21. b3 Qa5 22. Rf3 Qe5 23. Qb1 Qd5 24. Re4 e5 25. Nf5 Qe6 26. Rg4 g6 27. Qc1 e4 28. Nh6+ Kg7 29. Rh3 Rc7 30. c4 d5 31. g3 dxc4 32. Qf4 Rc5 33. b4 Rcd5 34. Kg2 c3 35. Qxe4 Qxe4+ 36. Rxe4 c2 37. Rc4 c1=Q 38. Rxc1 Bg5 39. Rc7 Bxh6 40. Rxb7 Rd2 41. g4 R8d7 42. Rb6 R2d6 43. Rb8 Bf4 44. Rf3 Rf6 45. Ra8 Rb7 46. Rb3 Rfb6 47. Rd3 Bb8 48. Rd8 Rxb4 49. h3 R4b6 50. g5 f6 51. h4 fxg5 52. hxg5 Kf7 53. f3 Ke6 54. Rf8 Rb2+ 55. Kh3 Rh2+ 56. Kg4 Bd6 57. Rxa6 Rb4+ 58. f4 Rf2 59. Rf6+ Ke7 60. Raxd6 Rfxf4+ 61. Kg3 Rxf6 62. Rxf6 Re4 63. Ra6 Rd4 64. Ra7+ Rd7 65. Ra6 Kf7 66. Ra1 Ke6 67. Rf1 Rd5 68. Kg4 Rd4+ 69. Kg3 Rd3+ 70. Kg4 Rd5 71. Rf6+ Ke7 72. Rf1 Re5 1/2-1/2

[Event "NAYCC U12"]
[Site "Toronto CAN"]
[Date "2013.08.15"]
[Round "3"]
[White "Cai, Jason"]
[Black "Li, William"]
[Result "1-0"]
[WhiteElo "1778"]
[BlackElo "1409"]
[PlyCount "111"]
[GameId "2160767909267289"]
[EventDate "2013.08.14"]
[EventType "swiss"]
[EventRounds "9"]
[EventCountry "CAN"]
[SourceTitle "EXT 2022"]
[Source "ChessBase"]
[SourceDate "2021.10.06"]
[SourceVersion "1"]
[SourceVersionDate "2021.10.06"]
[SourceQuality "1"]

1. e4 c5 2. Nc3 e6 3. f4 Nc6 4. Nf3 d5 5. Bb5 a6 6. Bxc6+ bxc6 7. d3 Nf6 8. O-O Be7 9. b3 Qc7 10. Qe1 O-O 11. Na4 Nd7 12. Qf2 f6 13. Nd2 Bd6 14. Ba3 Qa7 15. Rae1 d4 16. Nc4 Bc7 17. Qd2 Bb7 18. Na5 Bb6 19. Nxb6 Qxb6 20. Nc4 Qc7 21. Nb2 a5 22. Na4 Qd6 23. Kh1 Ba6 24. Rc1 Bb5 25. Nb2 Nb6 26. c3 dxc3 27. Rxc3 Qc7 28. Rxc5 Rfd8 29. Rfc1 Qd7 30. Qe3 f5 31. h3 Rab8 32. Re5 Qf7 33. Rec5 Rd7 34. Nc4 Bxc4 35. dxc4 Qf8 36. Rxa5 Qd8 37. Ra6 Rf7 38. c5 Ra8 39. Qe2 Nd7 40. Bb2 fxe4 41. Rxc6 Rxa2 42. Rxe6 Rxf4 43. Qd2 Rf7 44. c6 Rxb2 45. Qxb2 Nf6 46. Qe5 Rf8 47. c7 Qc8 48. b4 Nd7 49. Qxe4 Nf6 50. Qc4 Kh8 51. Rd1 Nd7 52. Red6 Ne5 53. Rd8 Nxc4 54. Rxc8 Rxc8 55. Rd8+ Rxd8 56. cxd8=R# 1-0

[Event "NAYCC U12"]
[Site "Toronto CAN"]
[Date "2013.08.15"]
[Round "3"]
[White "Chertkow, Matthew"]
[Black "D'Alonzo, Jonathan"]
[Result "0-1"]
[WhiteElo "1046"]
[BlackElo "1431"]
[PlyCount "84"]
[GameId "2160767909267291"]
[EventDate "2013.08.14"]
[EventType "swiss"]
[EventRounds "9"]
[EventCountry "CAN"]
[SourceTitle "EXT 2022"]
[Source "ChessBase"]
[SourceDate "2021.10.06"]
[SourceVersion "1"]
[SourceVersionDate "2021.10.06"]
[SourceQuality "1"]

1. e4 c5 2. Nf3 Nc6 3. d4 cxd4 4. Nxd4 g6 5. Nc3 Bg7 6. Be3 Nf6 7. Bc4 O-O 8. O-O a6 9. f4 Qb6 10. Rb1 Nxe4 11. Nxe4 Bxd4 12. Bxd4 Nxd4 13. Kh1 Nf5 14. Rf3 Ne3 15. Qd3 Nxc4 16. Qxc4 d6 17. h3 Be6 18. Qa4 Bd5 19. b3 Rac8 20. Rc3 Bxe4 21. Rxc8 Bxg2+ 22. Kxg2 Rxc8 23. Qe4 e6 24. c4 Qb4 25. Qd4 d5 26. Rc1 b5 27. Kf3 Qa3 28. Rc2 Rxc4 29. Rxc4 bxc4 30. Qa7 Qd6 31. Qd4 cxb3 32. axb3 Qb8 33. b4 Qb5 34. Qc3 Qf1+ 35. Kg3 Qg1+ 36. Kf3 Qb6 37. Qc8+ Kg7 38. Qc3+ d4 39. Qd2 Qc6+ 40. Kg3 Qc3+ 41. Qxc3 dxc3 42. Kf2 c2 0-1

[Event "NAYCC U12"]
[Site "Toronto CAN"]
[Date "2013.08.15"]
[Round "3"]
[White "Doknjas, Joshua"]
[Black "Corvera Choi, Malik"]
[Result "1-0"]
[WhiteElo "1856"]
[BlackElo "1539"]
[PlyCount "59"]
[GameId "2160767909267292"]
[EventDate "2013.08.14"]
[EventType "swiss"]
[EventRounds "9"]
[EventCountry "CAN"]
[SourceTitle "EXT 2022"]
[Source "ChessBase"]
[SourceDate "2021.10.06"]
[SourceVersion "1"]
[SourceVersionDate "2021.10.06"]
[SourceQuality "1"]

1. e4 c5 2. Nf3 d6 3. Bb5+ Bd7 4. Bxd7+ Qxd7 5. O-O Nf6 6. Qe2 Nc6 7. Rd1 g6 8. c3 Bg7 9. d4 cxd4 10. cxd4 Rd8 11. Nc3 O-O 12. Be3 d5 13. Ne5 Qc8 14. Nxc6 bxc6 15. e5 Ne8 16. Rac1 Qb7 17. Na4 Nc7 18. Qc2 Na6 19. Qxc6 Qxc6 20. Rxc6 Nb4 21. Rc7 Nxa2 22. Rxe7 a5 23. Nc5 Rb8 24. Nd7 Rb7 25. Nf6+ Bxf6 26. Rxb7 Bg7 27. Ra1 Nb4 28. Rxa5 Nc6 29. Rc5 Ra8 30. Rxc6 1-0

[Event "NAYCC U12"]
[Site "Toronto CAN"]
[Date "2013.08.15"]
[Round "3"]
[White "Frutos, Chase"]
[Black "Li, Ben"]
[Result "0-1"]
[WhiteElo "1942"]
[BlackElo "2037"]
[PlyCount "120"]
[GameId "2160767909267293"]
[EventDate "2013.08.14"]
[EventType "swiss"]
[EventRounds "9"]
[EventCountry "CAN"]
[SourceTitle "EXT 2022"]
[Source "ChessBase"]
[SourceDate "2021.10.06"]
[SourceVersion "1"]
[SourceVersionDate "2021.10.06"]
[SourceQuality "1"]

1. e4 c5 2. Nf3 d6 3. d4 cxd4 4. Nxd4 Nf6 5. Nc3 a6 6. Bg5 e6 7. f4 Be7 8. Qf3 Qc7 9. O-O-O Nbd7 10. Bd3 h6 11. Qh3 b5 12. Rhe1 Bb7 13. Bxf6 Nxf6 14. Qg3 O-O 15. e5 dxe5 16. fxe5 Nd5 17. Ne4 Nb4 18. a3 Nxd3+ 19. Rxd3 Kh8 20. Qf4 Rad8 21. Red1 g5 22. Qg4 Qxe5 23. Nc3 Qf4+ 24. Qxf4 gxf4 25. g3 fxg3 26. Rxg3 Bg5+ 27. Kb1 Rd7 28. Rgd3 Rfd8 29. Ka2 Bf6 30. Nde2 Rxd3 31. cxd3 Be5 32. h3 Bg2 33. h4 Bf3 34. d4 Bg7 35. Kb3 Rc8 36. Rf1 Bxe2 37. Nxe2 Kg8 38. Rd1 Rd8 39. Kb4 Bf6 40. Ka5 Rd6 41. h5 Bd8+ 42. Kb4 Bb6 43. Rg1+ Kf8 44. Rg4 Rd5 45. Rh4 Ke7 46. Kc3 Ba5+ 47. b4 Bb6 48. Kd3 e5 49. Re4 Bxd4 50. Nxd4 Rxd4+ 51. Rxd4 exd4 52. Kxd4 Kd6 53. Ke4 Ke6 54. Kd4 f5 55. Ke3 Ke5 56. Kf3 f4 57. Kg4 Ke4 58. Kh4 Kf3 59. Kh3 Ke3 60. Kh4 f3 0-1

[Event "NAYCC U12"]
[Site "Toronto CAN"]
[Date "2013.08.15"]
[Round "3"]
[White "Huang, Immanuel"]
[Black "Liu, Ryan"]
[Result "1-0"]
[WhiteElo "1517"]
[BlackElo "1090"]
[PlyCount "73"]
[GameId "2160767909267294"]
[EventDate "2013.08.14"]
[EventType "swiss"]
[EventRounds "9"]
[EventCountry "CAN"]
[SourceTitle "EXT 2022"]
[Source "ChessBase"]
[SourceDate "2021.10.06"]
[SourceVersion "1"]
[SourceVersionDate "2021.10.06"]
[SourceQuality "1"]

1. e4 d5 2. exd5 Qxd5 3. Nc3 Qa5 4. d4 Nf6 5. Bd2 c6 6. Nf3 Bg4 7. Be2 Nbd7 8. h3 Bxf3 9. Bxf3 O-O-O 10. b3 Qb4 11. Ne2 Qb6 12. O-O e5 13. Be3 exd4 14. Bxd4 Bc5 15. Bxc5 Qxc5 16. Qd4 Qxd4 17. Nxd4 Ne5 18. Rad1 c5 19. Nf5 Kb8 20. Be2 g6 21. Ne3 Ne4 22. Nd5 f5 23. c4 h5 24. f4 Nf7 25. h4 Nfd6 26. Kh2 b5 27. Rc1 bxc4 28. bxc4 Rhe8 29. Bd3 Nd2 30. Rfd1 N2e4 31. Rb1+ Kc8 32. Bxe4 Nxe4 33. Rb3 a5 34. Rdb1 Rf8 35. Rb8+ Kd7 36. R1b7+ Ke8 37. Re7# 1-0

[Event "NAYCC U12"]
[Site "Toronto CAN"]
[Date "2013.08.15"]
[Round "3"]
[White "Johnson-Constantin, Mathieu"]
[Black "Xu, Jeffrey"]
[Result "0-1"]
[WhiteElo "1523"]
[BlackElo "1976"]
[PlyCount "55"]
[GameId "2160767909267295"]
[EventDate "2013.08.14"]
[EventType "swiss"]
[EventRounds "9"]
[EventCountry "CAN"]
[SourceTitle "EXT 2022"]
[Source "ChessBase"]
[SourceDate "2021.10.06"]
[SourceVersion "1"]
[SourceVersionDate "2021.10.06"]
[SourceQuality "1"]

1. e4 e6 2. d4 d5 3. e5 c5 4. c3 Nc6 5. Nf3 Qb6 6. Be2 Nge7 7. dxc5 Qxc5 8. Be3 Qa5 9. O-O Ng6 10. b4 Qc7 11. Na3 a6 12. Qa4 Bd7 13. Nb5 Qb8 14. Nd6+ Bxd6 15. exd6 Nd4 16. Qd1 Nxe2+ 17. Qxe2 Bb5 18. Qc2 Bxf1 19. Kxf1 O-O 20. Bb6 Qe8 21. Bc7 Qb5+ 22. Ke1 Nf4 23. g3 Nd3+ 24. Kd1 e5 25. h4 e4 26. Nd4 Qd7 27. f3 Qh3 28. Qd2 0-1

[Event "NAYCC U12"]
[Site "Toronto CAN"]
[Date "2013.08.15"]
[Round "3"]
[White "Ju, Terrence"]
[Black "Luo, Ricky"]
[Result "1-0"]
[WhiteElo "1388"]
[BlackElo "1023"]
[PlyCount "123"]
[GameId "2160767909267296"]
[EventDate "2013.08.14"]
[EventType "swiss"]
[EventRounds "9"]
[EventCountry "CAN"]
[SourceTitle "EXT 2022"]
[Source "ChessBase"]
[SourceDate "2021.10.06"]
[SourceVersion "1"]
[SourceVersionDate "2021.10.06"]
[SourceQuality "1"]

1. d4 Nf6 2. Nf3 g6 3. c4 Bg7 4. Nc3 O-O 5. e4 d6 6. Bg5 h6 7. Bh4 g5 8. Bg3 Bg4 9. Be2 Nbd7 10. h3 Bh5 11. h4 g4 12. Nh2 e5 13. d5 Bg6 14. f3 gxf3 15. gxf3 Nh5 16. Bf2 Nf4 17. Bf1 h5 18. Ne2 Nxe2 19. Bxe2 f5 20. Rg1 Qf6 21. exf5 Qxf5 22. Rg5 Qf6 23. Qb3 e4 24. f4 Qxf4 25. Bg3 Qf6 26. Bxh5 Bxh5 27. Rxh5 Bh6 28. Ke2 Qg6 29. Rxh6 Qxh6 30. Rg1 Qh5+ 31. Kd2 Kh7 32. Qc3 Ne5 33. Bxe5 dxe5 34. Ng4 Rf5 35. Qg3 Qg6 36. Rg2 Rg8 37. h5 Qg5+ 38. Kc2 Rf4 39. Nf6+ Rxf6 40. Qxg5 Rxg5 41. Rxg5 e3 42. Rxe5 Rf2+ 43. Kd3 Rxb2 44. Kxe3 Rxa2 45. Re7+ Kh6 46. Rxc7 Rb2 47. d6 Rb6 48. c5 Rb1 49. d7 Rd1 50. Rxb7 a5 51. c6 a4 52. Ra7 Kxh5 53. Rxa4 Kg6 54. Ra8 Rc1 55. Ra6 Rc5 56. c7+ Kf7 57. c8=Q Re5+ 58. Kd4 Rh5 59. Qe8+ Kg7 60. Qxh5 Kf8 61. d8=Q+ Kg7 62. Qg6# 1-0

[Event "NAYCC U12"]
[Site "Toronto CAN"]
[Date "2013.08.15"]
[Round "3"]
[White "Kobla, Vishal"]
[Black "Zheng, Maven"]
[Result "0-1"]
[WhiteElo "1752"]
[BlackElo "1060"]
[PlyCount "51"]
[GameId "2160767909267297"]
[EventDate "2013.08.14"]
[EventType "swiss"]
[EventRounds "9"]
[EventCountry "CAN"]
[SourceTitle "EXT 2022"]
[Source "ChessBase"]
[SourceDate "2021.10.06"]
[SourceVersion "1"]
[SourceVersionDate "2021.10.06"]
[SourceQuality "1"]

1. e4 e5 2. Nf3 Nc6 3. Bc4 Bc5 4. c3 Nf6 5. d4 exd4 6. cxd4 Bb4+ 7. Bd2 Bxd2+ 8. Nbxd2 d5 9. exd5 Nxd5 10. Qb3 Na5 11. Qa4+ Nc6 12. O-O O-O 13. Bd3 Nb6 14. Qc2 h6 15. Nb3 Nb4 16. Qd2 Nxd3 17. Qxd3 Qf6 18. Rac1 Bf5 19. Qd2 c6 20. Nc5 Rab8 21. Rfe1 Bg4 22. Ne5 Bf5 23. Qa5 Qd6 24. Qxa7 Nc8 25. Qa4 Ra8 26. Qxa8 0-1

[Event "NAYCC U12"]
[Site "Toronto CAN"]
[Date "2013.08.15"]
[Round "3"]
[White "Markarov, Stefan"]
[Black "Mihailov, Dmitrii"]
[Result "1-0"]
[WhiteElo "1284"]
[BlackElo "982"]
[PlyCount "69"]
[GameId "2160767909267298"]
[EventDate "2013.08.14"]
[EventType "swiss"]
[EventRounds "9"]
[EventCountry "CAN"]
[SourceTitle "EXT 2022"]
[Source "ChessBase"]
[SourceDate "2021.10.06"]
[SourceVersion "1"]
[SourceVersionDate "2021.10.06"]
[SourceQuality "1"]

1. c4 e5 2. Nc3 Nf6 3. d3 Bb4 4. Bd2 Nc6 5. a3 Bc5 6. b4 Bd4 7. b5 Na5 8. Nf3 Bc5 9. Ne4 Bb6 10. c5 d5 11. Nxf6+ Qxf6 12. cxb6 cxb6 13. Bxa5 bxa5 14. d4 e4 15. Ne5 O-O 16. e3 b6 17. g3 Qe6 18. Bg2 f6 19. Nc6 f5 20. Bh3 Qh6 21. Bg2 f4 22. Ne7+ Kh8 23. Nxc8 Raxc8 24. O-O fxe3 25. fxe3 Qxe3+ 26. Kh1 Qh6 27. Rxf8+ Rxf8 28. Qc2 e3 29. Rf1 Re8 30. Re1 Rd8 31. Qc7 Re8 32. Qc3 Kg8 33. Bxd5+ Kh8 34. Qc6 Qg5 35. Qxe8# 1-0

[Event "NAYCC U12"]
[Site "Toronto CAN"]
[Date "2013.08.15"]
[Round "3"]
[White "Menon, Vishal"]
[Black "Xue, Andrew"]
[Result "1/2-1/2"]
[WhiteElo "1674"]
[BlackElo "1114"]
[PlyCount "98"]
[GameId "2160767909267300"]
[EventDate "2013.08.14"]
[EventType "swiss"]
[EventRounds "9"]
[EventCountry "CAN"]
[SourceTitle "EXT 2022"]
[Source "ChessBase"]
[SourceDate "2021.10.06"]
[SourceVersion "1"]
[SourceVersionDate "2021.10.06"]
[SourceQuality "1"]

1. e4 e5 2. Nf3 Nc6 3. Bb5 a6 4. Ba4 Nf6 5. O-O b5 6. Bb3 Bc5 7. h3 O-O 8. Re1 Re8 9. c3 h6 10. d4 exd4 11. cxd4 Bb4 12. Bd2 Rxe4 13. Rxe4 Nxe4 14. Bxb4 Nxb4 15. Qe1 Qe7 16. Ne5 Bb7 17. Bxf7+ Kh7 18. Bg6+ Kg8 19. Bxe4 Bxe4 20. Qxe4 Re8 21. a3 Nc6 22. Qe3 Nxe5 23. Qxe5 Qxe5 24. dxe5 Rxe5 25. Nc3 Kf7 26. Rd1 Ke6 27. Kf1 d5 28. Re1 c5 29. Rxe5+ Kxe5 30. f4+ Kd4 31. Ke2 Kc4 32. g4 d4 33. Ne4 Kd5 34. Nd2 c4 35. Nb1 Ke4 36. f5 a5 37. Nd2+ Kd5 38. Nb1 Ke4 39. Nd2+ Kd5 40. Kd1 b4 41. axb4 axb4 42. Kc2 c3 43. bxc3 bxc3 44. Nb1 Ke4 45. Na3 Kf3 46. Nc4 Kg3 47. Ne5 Kxh3 48. Nf7 Kxg4 49. Nxh6+ Kg5 1/2-1/2

[Event "NAYCC U12"]
[Site "Toronto CAN"]
[Date "2013.08.15"]
[Round "3"]
[White "Mercado, Carlos"]
[Black "Shen, Christopher"]
[Result "0-1"]
[WhiteElo "1782"]
[BlackElo "2018"]
[PlyCount "102"]
[GameId "2160767909267301"]
[EventDate "2013.08.14"]
[EventType "swiss"]
[EventRounds "9"]
[EventCountry "CAN"]
[SourceTitle "EXT 2022"]
[Source "ChessBase"]
[SourceDate "2021.10.06"]
[SourceVersion "1"]
[SourceVersionDate "2021.10.06"]
[SourceQuality "1"]

1. e4 c5 2. Nc3 Nc6 3. Bb5 g6 4. Bxc6 dxc6 5. f4 Bg7 6. Nf3 Nf6 7. d3 O-O 8. O-O Ng4 9. e5 Nh6 10. Ne4 b6 11. Ng3 Nf5 12. Nxf5 Bxf5 13. Bd2 Qd5 14. Qe2 Rad8 15. Bc3 b5 16. a4 b4 17. Bd2 b3 18. Nh4 bxc2 19. Nxf5 gxf5 20. Bc3 Qxd3 21. Qxd3 Rxd3 22. Rac1 Rfd8 23. Rxc2 e6 24. Be1 R8d5 25. Bh4 R3d4 26. Be7 Bf8 27. Bxf8 Kxf8 28. b3 Rb4 29. Rf3 Ke7 30. g3 Kd7 31. Kg2 Kc7 32. Kh3 Kb6 33. Re3 Rdd4 34. Rec3 c4 35. bxc4 Kc5 36. Kh4 Rdxc4 37. Kg5 Rxc3 38. Rxc3+ Kd5 39. Rd3+ Rd4 40. Rxd4+ Kxd4 41. Kh6 c5 42. Kxh7 c4 43. Kg7 c3 44. h4 c2 45. h5 c1=Q 46. h6 Qe1 47. h7 Qxg3+ 48. Kxf7 Qh4 49. Kg8 Qg4+ 50. Kf7 Qh5+ 51. Kg7 Ke4 0-1